000 00345nam a2200133Ia 4500
008 240624s9999 xx 000 0 und d
041 _aeng
082 _a658.3 TAY
100 _aTAYLOR JOHNNY C
245 _aTROUBLE WITH HR AN INSIDER S GUIDE TO FI
260 _c2009
_aNew York
_bAMACOM
300 _axi, : 244 : p. : cm. ; 24
365 _c
_b28
999 _c21299
_d21299